Score 0/21 Timer 03:00
2 Plays Today
Answer % Correct
Asia
98.1%
Europe
97.9%
North America
97.8%
South America
97.7%
Russia
97.4%
Africa
96.9%
Turkey
94.9%
Oceania
88.6%
Australia
79.2%
Georgia
64.2%
Pangaea
64.1%
Answer % Correct
Azerbaijan
56.8%
Greenland
53.8%
Kazakhstan
40.8%
Borneo
39.5%
Aruba
38.1%
Curaçao
27.4%
Sint Maarten
24.4%
New Guinea
22%
Gondwanaland
14.1%
Laurasia
6.6%
Come Together.
Have Fun.
All Virtual.
We all need to come together. Play Sporcle's virtual live trivia to have fun, connect with people, and get your trivia on. Join a live hosted trivia game for your favorite pub trivia experience done virtually. If a virtual private party is more your thing, go here for details.

You're not logged in!

Compare scores with friends on all Sporcle quizzes.
OR
Log In

Sporcle TV

Today on Sporcle TV


Watch our educational content, quiz creation guides, and fun videos on Sporcle TV.

Show Comments

Extras

Top Quizzes Today


Score Distribution

Paid Content

Your Account Isn't Verified!

In order to create a playlist on Sporcle, you need to verify the email address you used during registration. Go to your Sporcle Settings to finish the process.

Report this User

Report this user for behavior that violates our Community Guidelines.

Details: